|
|
|
|
| LEADER |
00000cas a2200000 a 4500 |
| 001 |
vtls008880929 |
| 003 |
SK-MaSNL |
| 005 |
20260228162108.0 |
| 008 |
000621c19939999xo zr|p| 0 0 b0sloo |
| 022 |
|
|
|a 1339-0678
|
| 035 |
|
|
|a (SVKBB03)vtls000047796
|
| 040 |
|
|
|a SVKBB
|b slo
|c SVKBB
|d SNK
|e AACR2
|
| 041 |
0 |
|
|a slo
|
| 043 |
|
|
|a e-xo---
|
| 044 |
|
|
|a xo
|c SK
|
| 072 |
|
7 |
|a 352/354
|x Stupne miestnej, oblastnej a ústrednej správy
|2 konspekt
|
| 072 |
|
7 |
|a 316.7
|x Sociológia kultúry. Kultúrny život
|2 konspekt
|
| 072 |
|
7 |
|a 394
|x Verejný a spoločenský život. Každodenný život
|2 konspekt
|
| 080 |
|
|
|a (437.613)
|2 2011
|
| 080 |
|
|
|a 353.9
|2 2011
|
| 080 |
|
|
|a 316.728
|2 2011
|
| 080 |
|
|
|a 394
|2 2011
|
| 080 |
|
|
|a (051)+(054)
|2 2011
|
| 080 |
|
|
|a 050
|2 2011
|
| 210 |
0 |
|
|a Rabčiansky chýrnik
|
| 222 |
|
0 |
|a Rabčiansky chýrnik
|
| 245 |
0 |
0 |
|a Rabčiansky chýrnik
|b obecný dvojmesačník
|
| 260 |
|
|
|a V Rabči
|b Kultúrne oddelenie Obecného úradu
|c 1993-
|
| 260 |
3 |
|
|3 2/1995-
|a V Rabči
|b Obecný úrad
|
| 300 |
|
|
|a zv.
|c 30-42 cm
|
| 310 |
|
|
|a Občasník
|b 2/2014-
|
| 321 |
|
|
|a Premenlivá periodicita
|b 1/1993-1/2014
|
| 362 |
0 |
|
|a Roč. I., č. 1 (1993)-
|
| 500 |
|
|
|a Registračné č.: PO-13/1993
|
| 500 |
|
|
|a Šéfredaktor: 1993, Ján Adamčík ; 20/2000-, Vladimír Briš
|
| 500 |
|
|
|a Zmena podnázvu: od č. 2/1995, obecný časopis ; od č. 20/2000, časopis obce ; od č. 1/2001, noviny občanov Rabče ; od č. 6/2001, noviny občanov, rodákov a priateľov Rabče ; od č. 1/2002, noviny občanov, rodákov a priateľov obce Rabča ;
|
| 500 |
|
|
|a Podnázov v tiráži od č. 1/2001: obecné noviny
|
| 500 |
|
|
|a Evidenčné číslo MK SR: EV 398/08 ; EV 3417/09
|
| 500 |
|
|
|a Od č. 2/2023 zmena veľkosti formátu na 42 cm
|
| 515 |
|
|
|a Chybne označené ročníky: č. 1-4/2002 (roč. IX.), č. 5-6/2002 (roč. XI.), č. 1/2003 (roč. X.) ; r. 2004 pokračuje roč. XI. ; č. 12/2006 má označený roč. XIII.; Roky 2018-2020 majú uvedený rovnaký ročník 25; V rokoch 2022 a 2023 má každé číslo uvedené iný ročník
|
| 515 |
|
|
|a Do r. 2000 má časopis priebežné číslovanie
|
| 525 |
|
|
|a Obsahuje samostatne číslované prílohy: Horňáčik, Rabconek
|
| 650 |
0 |
7 |
|a územná samospráva
|2 SNKPH
|9 802
|
| 650 |
0 |
7 |
|a každodenný život
|2 SNKPH
|9 4946
|
| 651 |
|
7 |
|a Rabča (Slovensko)
|2 SNKPHgeo
|9 240235
|
| 655 |
|
7 |
|a miestne periodiká
|2 SNKPH
|9 160938
|
| 700 |
1 |
|
|a Adamčík, Ján
|4 pbd
|9 270349
|
| 700 |
1 |
|
|a Briš, Vladimír
|4 pbd
|9 270350
|
| 752 |
|
|
|a Slovensko
|d Rabča
|
| 856 |
4 |
1 |
|u https://www.rabca.sk/volny-cas/rabciansky-chyrnik/?page=all
|
| 856 |
4 |
1 |
|a https://stara.rabca.sk/chyrnik.html
|
| 910 |
|
|
|a snk
|
| 999 |
|
|
|c 6791
|d 8721
|
| 952 |
|
|
|t č. 1-3 + príl.
|a SNK
|b SNK
|y PREZ
|7 0
|p 17A1462669
|o snkČSB 6771/25[26]/2019
|i snk2022/4962
|8 0
|z Prílohy: Hornáčik, Rabconek
|0 0
|1 0
|4 0
|d 2022-03-31
|l 0
|r 2026-02-21 19:59:42
|w 2026-02-21
|
| 952 |
|
|
|t č. 1-3 + príl.
|a SNK
|b SNK
|y PREZ
|7 0
|p 17A1462670
|o snkČSB 6771/25[27]/2020
|i snk2022/4963
|8 0
|z Prílohy: Hornáčik, Rabconek
|0 0
|1 0
|4 0
|d 2022-03-31
|l 0
|r 2026-02-21 19:59:42
|w 2026-02-21
|
| 952 |
|
|
|t č. 1-3
|a SNK
|b SNK
|c SNK_KF
|y PREZ
|7 8
|p 17A1558653
|o snkČSB 6771/26/2021
|i snk2026/364
|8 0
|z Č. 3 má zväčšený formát
|0 0
|1 0
|4 0
|d 2026-01-12
|l 0
|r 2026-02-21 20:12:34
|w 2026-02-21
|
| 952 |
|
|
|t č. 1-2
|a SNK
|b SNK
|c SNK_KF
|y PREZ
|7 8
|p 17A1558654
|o snkČSB 6771/27-28/2022
|i snk2026/370
|8 0
|z Č. 2/2022 má uvedený ročník 28
|0 0
|1 0
|4 0
|d 2026-01-12
|l 0
|r 2026-02-21 20:12:34
|w 2026-02-21
|
| 952 |
|
|
|t č. 1-2 + príl.
|a SNK
|b SNK
|c SNK_KF
|y PREZ
|7 8
|p 17A1558655
|o snkČSB 6771/28-29/2023
|i snk2026/392
|8 0
|z Príloha: ; 70 rokov organizovaného futbalu 1952-2022 (Sokol) TJ Oravan Rabča ; ; Od č. 2 zmenený formát ; Č. 2 má uvedený ročník 29
|0 0
|1 0
|4 0
|d 2026-01-13
|l 0
|r 2026-02-21 20:12:41
|w 2026-02-21
|
| 952 |
|
|
|t č. 1-2
|a SNK
|b SNK
|c SNK_KF
|y PREZ
|7 8
|p 17A1558656
|o snkČSB 6771/30/2024
|i snk2026/394
|8 0
|0 0
|1 0
|4 0
|d 2026-01-13
|l 0
|r 2026-02-21 20:12:41
|w 2026-02-21
|
| 952 |
|
|
|t č. 1-3 + 3 príl.
|a SNK
|b SNK
|y PREZ
|7 0
|p 17A1385038
|o snkČSB 6771/25/2018
|i snk2019/30416
|8 0
|z Príl.: v č. 1 - Horňáčik, v č. 2 - Rabconek, v č. 3 - Rabconek
|0 0
|1 0
|4 0
|d 2019-11-25
|l 0
|r 2026-02-21 22:08:30
|w 2026-02-21
|
| 952 |
|
|
|t č. 1-2
|a SNK
|b SNK
|y PREZ
|7 0
|p 17A1328407
|o snkČSB 6771/1/1993
|i snk2018/18451
|8 0
|0 0
|1 0
|4 0
|d 2018-09-12
|l 0
|r 2026-02-21 22:27:24
|w 2026-02-21
|
| 952 |
|
|
|t č. 2-3
|a SNK
|b SNK
|y NEVYP
|7 1
|p 17A1328406
|o snkČSB 6771/3/1995
|i snk2018/18451
|8 0
|0 0
|1 0
|4 0
|d 2018-09-12
|l 0
|r 2026-02-21 22:27:24
|w 2026-02-21
|
| 952 |
|
|
|t len č. 4
|a SNK
|b SNK
|y NEVYP
|7 1
|p 17A1328405
|o snkČSB 6771/4/1996
|i snk2018/18451
|8 0
|0 0
|1 0
|4 0
|d 2018-09-12
|l 0
|r 2026-02-21 22:27:24
|w 2026-02-21
|
| 952 |
|
|
|t č. 5-8
|a SNK
|b SNK
|y NEVYP
|7 1
|p 17A1328404
|o snkČSB 6771/5/1997
|i snk2018/18451
|8 0
|0 0
|1 0
|4 0
|d 2018-09-12
|l 0
|r 2026-02-21 22:27:24
|w 2026-02-21
|
| 952 |
|
|
|t č. 9-11
|a SNK
|b SNK
|y NEVYP
|7 1
|p 17A1328403
|o snkČSB 6771/6/1998
|i snk2018/18451
|8 0
|0 0
|1 0
|4 0
|d 2018-09-12
|l 0
|r 2026-02-21 22:27:24
|w 2026-02-21
|
| 952 |
|
|
|t č. 12-16, neúplné
|a SNK
|b SNK
|y NEVYP
|7 1
|p 17A1328402
|o snkČSB 6771/7/1999
|i snk2018/18451
|8 0
|z Chýba č. 13
|0 0
|1 0
|4 0
|d 2018-09-12
|l 0
|r 2026-02-21 22:27:24
|w 2026-02-21
|
| 952 |
|
|
|t č. 17-20
|a SNK
|b SNK
|y NEVYP
|7 1
|p 17A1328401
|o snkČSB 6771/8/2000
|i snk2018/18451
|8 0
|0 0
|1 0
|4 0
|d 2018-09-12
|l 0
|r 2026-02-21 22:27:24
|w 2026-02-21
|
| 952 |
|
|
|t č. 1-6
|a SNK
|b SNK
|y PREZ
|7 0
|p 17A1328400
|o snkČSB 6771/9/2001
|i snk2018/18463
|8 0
|0 0
|1 0
|4 0
|d 2018-09-12
|l 0
|r 2026-02-21 22:27:24
|w 2026-02-21
|
| 952 |
|
|
|t č. 1-6
|a SNK
|b SNK
|y PREZ
|7 0
|p 17A1328399
|o snkČSB 6771/9[10]/2002
|i snk2018/18463
|8 0
|0 0
|1 0
|4 0
|d 2018-09-12
|l 0
|r 2026-02-21 22:27:24
|w 2026-02-21
|
| 952 |
|
|
|t č. 1-10 + 2 príl.
|a SNK
|b SNK
|y PREZ
|7 0
|p 17A1328398
|o snkČSB 6771/11/2003
|i snk2018/18463
|8 0
|z Príl.: v č. 3,4 - Anketový prieskum potrieb obyvateľov obce Rabča, v č. 5 - Rabconek
|0 0
|1 0
|4 0
|d 2018-09-12
|l 0
|r 2026-02-21 22:27:25
|w 2026-02-21
|
| 952 |
|
|
|t č. 1-12
|a SNK
|b SNK
|y PREZ
|7 0
|p 17A1328397
|o snkČSB 6771/11/2004
|i snk2018/18463
|8 0
|0 0
|1 0
|4 0
|d 2018-09-12
|l 0
|r 2026-02-21 22:27:25
|w 2026-02-21
|
| 952 |
|
|
|t č. 1-12/1
|a SNK
|b SNK
|y PREZ
|7 0
|p 17A1328396
|o snkČSB 6771/12/2005
|i snk2018/18463
|8 0
|0 0
|1 0
|4 0
|d 2018-09-12
|l 0
|r 2026-02-21 22:27:25
|w 2026-02-21
|
| 952 |
|
|
|t č. 2-11
|a SNK
|b SNK
|y PREZ
|7 0
|p 17A1328395
|o snkČSB 6771/13/2006
|i snk2018/18479
|8 0
|0 0
|1 0
|4 0
|d 2018-09-12
|l 0
|r 2026-02-21 22:27:25
|w 2026-02-21
|
| 952 |
|
|
|t č. 1-4
|a SNK
|b SNK
|y PREZ
|7 0
|p 17A1328394
|o snkČSB 6771/14/2007
|i snk2018/18479
|8 0
|0 0
|1 0
|4 0
|d 2018-09-12
|l 0
|r 2026-02-21 22:27:25
|w 2026-02-21
|
| 952 |
|
|
|t č. 1-4 + 3 príl.
|a SNK
|b SNK
|y PREZ
|7 0
|p 17A1328393
|o snkČSB 6771/15/2008
|i snk2018/18479
|8 0
|z Príl.: v č. 1 - Rabconek, v č. 3 - Rabconek, Horňáčik
|0 0
|1 0
|4 0
|d 2018-09-12
|l 0
|r 2026-02-21 22:27:25
|w 2026-02-21
|
| 952 |
|
|
|t č. 1-4 + 2 príl.
|a SNK
|b SNK
|y PREZ
|7 0
|p 17A1328392
|o snkČSB 6771/16/2009
|i snk2018/18479
|8 0
|z Príl.: v č. 1 - Horňáčik, v č. 3 - Rabconek
|0 0
|1 0
|4 0
|d 2018-09-12
|l 0
|r 2026-02-21 22:27:25
|w 2026-02-21
|
| 952 |
|
|
|t č. 1-6 + 2 príl.
|a SNK
|b SNK
|y PREZ
|7 0
|p 17A1328391
|o snkČSB 6771/17/2010
|i snk2018/18479
|8 0
|z Príl.: v č. 1 - Horňáčik, v č. 3,4 - Rabconek
|0 0
|1 0
|4 0
|d 2018-09-12
|l 0
|r 2026-02-21 22:27:25
|w 2026-02-21
|
| 952 |
|
|
|t č. 1-2 + 4 príl.
|a SNK
|b SNK
|y PREZ
|7 0
|p 17A1328390
|o snkČSB 6771/18/2011
|i snk2018/18480
|8 0
|z Príl.: v č. 1 - Rabconek, Horňáčik, v č. 2 - Rabconek, Horňáčik
|0 0
|1 0
|4 0
|d 2018-09-12
|l 0
|r 2026-02-21 22:27:25
|w 2026-02-21
|
| 952 |
|
|
|t č. 1-3 + 6 príl.
|a SNK
|b SNK
|y PREZ
|7 0
|p 17A1328389
|o snkČSB 6771/19/2012
|i snk2018/18480
|8 0
|z Príl.: v č. 1 - Rabconek, Horňáčik, v č. 2 - Rabconek, Horňáčik, v č. 3 - Rabconek, Horňáčik
|0 0
|1 0
|4 0
|d 2018-09-12
|l 0
|r 2026-02-21 22:27:25
|w 2026-02-21
|
| 952 |
|
|
|t č. 1-4 + 2 príl.
|a SNK
|b SNK
|y PREZ
|7 0
|p 17A1328388
|o snkČSB 6771/20/2013
|i snk2018/18480
|8 0
|z Príl.: v č. 2 - Rabconek, Horňáčik
|0 0
|1 0
|4 0
|d 2018-09-12
|l 0
|r 2026-02-21 22:27:25
|w 2026-02-21
|
| 952 |
|
|
|t č. 1-2 + 2 príl.
|a SNK
|b SNK
|y PREZ
|7 0
|p 17A1328387
|o snkČSB 6771/21/2014
|i snk2018/18483
|8 0
|z Príl.: v č. 1 - Rabconek, Horňáčik
|0 0
|1 0
|4 0
|d 2018-09-12
|l 0
|r 2026-02-21 22:27:25
|w 2026-02-21
|
| 952 |
|
|
|t č. 1-2 + 3 príl.
|a SNK
|b SNK
|y PREZ
|7 0
|p 17A1328386
|o snkČSB 6771/22/2015
|i snk2018/18483
|8 0
|z Príl.: v č. 1 - Horňáčik, v č. 2 - Rabconek, Horňáčik
|0 0
|1 0
|4 0
|d 2018-09-12
|l 0
|r 2026-02-21 22:27:25
|w 2026-02-21
|
| 952 |
|
|
|t č. 1-3 + 4 príl.
|a SNK
|b SNK
|y PREZ
|7 0
|p 17A1328385
|o snkČSB 6771/23/2016
|i snk2018/18483
|8 0
|z Príl.: v č. 1 - Rabconek, Horňáčik, v č. 2 - Rabconek, Horňáčik
|0 0
|1 0
|4 0
|d 2018-09-12
|l 0
|r 2026-02-21 22:27:28
|w 2026-02-21
|
| 952 |
|
|
|t č. 1-3 + 4 príl.
|a SNK
|b SNK
|y PREZ
|7 0
|p 17A1328384
|o snkČSB 6771/24/2017
|i snk2018/18483
|8 0
|z Príl.: v č. 1 - Rabconek, Horňáčik, v č. 2 - Horňáčik, v č. 3 - Rabconek
|0 0
|1 0
|4 0
|d 2018-09-12
|l 0
|r 2026-02-21 22:27:28
|w 2026-02-21
|